000 00301nam a2200133Ia 4500
005 20260328101445.0
008 260328s9999||||xx |||||||||||||| ||und||
100 _aGruener Janura
245 0 _aHundertwasser /
_cGruener Janura
260 _bManus
300 _a76 p.
650 _aPINTURA
942 _cBK
999 _c8435
_d8435